Statistics for City Names by Every Other Letter 2

Click here to take the quiz!

General Stats

  • This quiz has been taken 34 times
  • The average score is 12 of 24

Answer Stats

HintAnswer% Correct
A_B_Q_E_Q_E_L_U_U_R_U_
96%
D_R_S_A_A_M_A_E_S_L_A_
92%
K_A_A_U_P_R_U_L_L_M_U_
79%
G_A_G_H_O_U_N_Z_O_
75%
U_A_N_A_A_R_L_A_B_T_A_
71%
C_A_U_N_S_H_G_A_A_
67%
V_T_C_N_I_Y_A_I_A_C_T_
63%
A_E_A_D_I__L_X_N_R_A
63%
B_O_M_O_T_I__L_E_F_N_E_N
58%
A_K_A_G_L_K_R_H_N_E_S_
54%
G_A_A_U_L_U_Y_Q_I_
54%
M_R_C_I_O_A_A_A_B_
50%
S_M_R_A_D_A_A_K_N_
50%
Y_M_U_S_U_R__A_O_S_O_K_O
46%
M_S_I_S_U_A_I_S_S_A_G_
38%
W_L_O_G_N__O_L_N_O_G
38%
N_U_K_H_T__O_A_C_O_T
33%
P_R_A_P_I_C__O_T_U_R_N_E
33%
S_U_H_M_T_N_O_T_A_P_O_
29%
D_Y_R_A_I__I_A_B_K_R
25%
V_L_A_A_S__A_P_R_I_O
21%
H_I_E_H_I__E_D_N_E_M
21%
O_A_J_S_A__R_N_E_T_D
21%
M_T_U_A_A_A_S_Y_M_
17%

Score Distribution

Percentile by Number Answered

Percent of People with Each Score

Your Score History

You have not taken this quiz